Waterloo - ABBA - All Lyrics - Statistics

General Stats
  • This quiz has been taken 772 times
  • The average score is 186 of 222
Answer Stats
Answer % Correct
I
99%
Oh,
99%
ooh-ooh
99%
Waterloo
99%
Waterloo,
99%
Woah,
99%
woah,
99%
woah
99%
Woo-ooh,
99%
yeah
99%
a
97%
you
96%
My,
93%
my
93%
The
93%
the
93%
to
91%
it
88%
Napoleon
88%
when
88%
is
87%
surrender
87%
did
86%
on
86%
win
86%
And
83%
At
83%
could
83%
was
81%
won
81%
always
80%
be
80%
history
80%
itself
80%
repeating
80%
war
80%
shelf
79%
book
78%
defeated,
77%
if
77%
with
77%
have
76%
love
76%
in
75%
forevermore
74%
lose
74%
wanted
73%
couldn't
72%
ever
72%
how
70%
escape
69%
feel
69%
like
69%
way
69%
destiny
67%
promise
67%
but
66%
refuse?
64%
Finally
63%
quite
63%
were
63%
knowing
62%
met
62%
similar
61%
facing
60%
fate
59%
tried
58%
stronger
57%
back,
55%
now
55%
hold
54%
fight
48%
only
47%
up
46%
seems
44%
giving
43%
chance
42%
So
39%
No matching quizzes found
Score Distribution
Percent of People with Each Score
Percentile by Number Answered
Your Score History
You have not taken this quiz